000 00260nam a2200097Ia 4500
001 652743
005 20250826154444.0
008 250824s9999 xx 000 0 und d
245 0 _aÇOCUKLAR İÇİN ÂMENTÜ
_cEMİNE TAŞGETİREN
260 _bALTIN COCUK YAYINLARI
999 _c652743
_d652743